European Cities over 200,000 with Costco Quiz Stats

 Plays Quiz not verified by Sporcle

Challenge
Share
Tweet
Embed
Score 0/17 Timer 03:00
0 Plays Today
Population City % Correct
7,200,000London, UK
100%
420,000Manchester, UK
84.2%
560,000Glasgow, UK
78.9%
440,000Liverpool, UK
78.9%
450,000Edinburg, UK
76.3%
992,000Birmingham, UK
75%
720,000Leeds, UK
69.7%
310,000Cardiff, UK
61.8%
512,000Sheffield, UK
57.9%
Population City % Correct
380,000Bristol, UK
43.4%
220,000Southampton, UK
31.6%
305,000Coventry, UK
28.9%
280,000Leicester, UK
27.6%
215,000Aberdeen, UK
26.3%
230,000Derby, UK
19.7%
259,000Newcastle upon Tyne, UK
15.8%
700,000Seville, Spain
10.5%

You're not logged in!

Compare scores with friends on all Sporcle quizzes.
OR
Log In

You Might Also Like...

Show Comments

Extras

Top Quizzes Today


Score Distribution

Your Account Isn't Verified!

In order to create a playlist on Sporcle, you need to verify the email address you used during registration. Go to your Sporcle Settings to finish the process.

Report this User

Report this user for behavior that violates our Community Guidelines.

Details: